Príručka na zostavenie rozpočtu na roky 2023 - 2025
Rozpočet je dokument, ktorý podáva kompexný obraz o hospodárení obce v rozpočtovom roku. Je v ňom zabezpečené financovanie všetkých úloh, funkcií obce a financovanie organizácií, zriadených na plnenie úloh obce. Rozpočet je nástroj finančnej politiky.
Salvato in:
| Autore principale: | |
|---|---|
| Natura: | Capitolo di libro |
| Lingua: | slovacco |
| Soggetti: | |
| Tags: |
Nessun Tag, puoi essere il primo ad aggiungerne!!
|
MARC
| LEADER | 00000naa a2200000 4500 | ||
|---|---|---|---|
| 001 | 0287807 | ||
| 005 | 20240417075214.2 | ||
| 041 | 0 | |a slo | |
| 044 | |a SK | ||
| 245 | 1 | 0 | |a Príručka na zostavenie rozpočtu na roky 2023 - 2025 |c Ingrid Veverková Konečná |
| 520 | |a Rozpočet je dokument, ktorý podáva kompexný obraz o hospodárení obce v rozpočtovom roku. Je v ňom zabezpečené financovanie všetkých úloh, funkcií obce a financovanie organizácií, zriadených na plnenie úloh obce. Rozpočet je nástroj finančnej politiky. | ||
| 610 | 2 | 0 | |a rozpočtovanie |
| 610 | 2 | 0 | |a rozpočtovníctvo |
| 610 | 2 | 0 | |a rozpočty |
| 610 | 2 | 0 | |a príručky |
| 610 | 2 | 0 | |a obce |
| 610 | 2 | 0 | |a politika |
| 610 | 2 | 0 | |a klasifikácia |
| 610 | 2 | 0 | |a kódovanie |
| 100 | 1 | |a Veverková Konečná, Ingrid | |